| 000 | 00000nam 2200000zi 4500 |
| 001 | 9.933029 |
| 003 | CaOODSP |
| 005 | 20240129095029 |
| 006 | m o d f |
| 007 | cr mn||||||||| |
| 008 | 240129t20242024onca obu f000 0 eng d |
| 040 | |aCaOODSP|beng|erda|cCaOODSP |
| 043 | |an-cn--- |
| 086 | 1 |aP29-003-1000-2024E-PDF |
| 245 | 00|aVapour control systems in gasoline distribution networks. |
| 264 | 1|aOttawa, Ontario : |bCanadian General Standards Board : |bStandards Council of Canada, |c2024. |
| 264 | 4|c©2024 |
| 300 | |a1 online resource (41 pages) : |billustrations. |
| 336 | |atext|btxt|2rdacontent |
| 337 | |acomputer|bc|2rdamedia |
| 338 | |aonline resource|bcr|2rdacarrier |
| 490 | 1 |aNational standard of Canada ; |vCAN/CGSB-3.1000-2024 |
| 500 | |a"Published January 2024." |
| 500 | |a"Experience and excellence"--Cover. |
| 500 | |aIssued also in French under title: Systèmes de récupération des vapeurs dans les réseaux de distribution d'essence. |
| 504 | |aIncludes bibliographical references (page 41). |
| 520 | |a"This standard provides guidance to federal, provincial and regional authorities having jurisdiction for vapour recovery in gasoline distribution networks and to owners who voluntarily implement a vapour control system (VCS)"--Introduction. |
| 650 | 0|aGasoline vapor control|xStandards|zCanada. |
| 650 | 0|aGasoline|xStorage|zCanada. |
| 710 | 2 |aCanadian General Standards Board, |eissuing body. |
| 710 | 2 |aStandards Council of Canada, |eissuing body. |
| 775 | 08|tSystèmes de récupération des vapeurs dans les réseaux de distribution d'essence.|w(CaOODSP)9.933030 |
| 795 | |tVapour control systems in gasoline distribution networks |b2019|w(CaOODSP)9.867443 |
| 830 | #0|aNational standard of Canada ;|vCAN/CGSB-3.1000-2024.|w(CaOODSP)9.507848 |
| 856 | 40|qPDF|s1.20 MB|uhttps://publications.gc.ca/collections/collection_2024/ongc-cgsb/P29-003-1000-2024-eng.pdf |
| 986 | |aICS 75.160.20 |